| 000 | 00894nam a2200217 i 4500 | ||
|---|---|---|---|
| 001 | 160872 | ||
| 003 | ES-MaACL | ||
| 005 | 20230906212138.0 | ||
| 008 | 931025s1791 sp a |||| | spa d | ||
| 100 | 1 |
_aOcampo, Florian de. _9130588 |
|
| 245 | 1 | 0 |
_aCoronica general de España / _cque recopilaba el maestro Florian de Ocampo... ; tomo II. |
| 260 |
_aEn Madrid : _ben la Oficina de don Benito Cano : _bse hallará en la libreria de Quiroga..., _c1791. |
||
| 300 |
_a[2], 632 p. ; _c4º (22 cm) |
||
| 500 | _aObra continuada por Ambrosio de Morales. | ||
| 510 | _aPALAU, 198386 | ||
| 597 | _aSign.: [ ]1, A-Z4, 2A-2Z4, 3A-3Z4, 4A-4K4. | ||
| 597 | _aPort. con orla xil. | ||
| 599 | _aGrab. xil.: "Jf. Ximeno la inv. y grab." en p. 1. | ||
| 651 | 4 |
_aEspaña- _xHistoria- _y...-0218, Época prerromana. _98210 |
|
| 852 |
_aES-MaACL _jR-314-23 _z-- Enc. pasta española _x Olim: B-222-31 |
||
| 999 |
_c160872 _d160872 |
||